15 principaux pays touchés par Covid-19 - 27 octobre 2021 - Statistiques

Statistiques générales
  • Ce quiz a été pris 46 fois
  • Le résultat moyen est 13 sur 27
Statistiques - réponses
pays % Correct
France
100%
Etats-Unis
98%
Allemagne
95%
Espagne
95%
Italie
93%
Brésil
90%
Russie
83%
Royaume-Uni
81%
Inde
79%
Argentine
76%
Mexique
74%
Belgique
52%
Indonésie
48%
Pays-Bas
48%
Colombie
45%
Suède
45%
Turquie
45%
Iran
38%
Tchèquie
17%
Slovénie
10%
Uruguay
10%
Serbie
7%
Israël
5%
Bahreïn
2%
Estonie
2%
Lituanie
2%
Géorgie
0%
Aucun quiz correspondant
Distribution des résultats
% des personnes avec chaque résultat
Percentile par nombre de réponses
Votre historique - résultats
Vous n’avez pas pris ce quiz